000 00502nam a2200193Ia 4500
003 GCL
008 140319s9999 xx 000 0 eng d
040 _aGCL /
_cGCL
082 0 4 _a355
_bB A
100 1 _aBURT, RICHARD
245 1 0 _aARMS CONTROL AND DETENSE POSTURES IN THE 1980 S /
_cBURT, RICHARD
260 _a[S.N] :
_bWESTVIEW PRESS ،
_c1982
300 _a230 P
650 0 4 _aUNITED STATES
650 0 4 _aSOVIET UNION
650 0 4 _aNEGOTIATION
650 0 4 _aARMED FORCES
942 _2ddc
_cBK
999 _c20654
_d20654